| 000 | 01173cam a22003015a 4500 | ||
|---|---|---|---|
| 001 | 18372803 | ||
| 003 | EG-ScBUE | ||
| 005 | 20220508122544.0 | ||
| 008 | 141114s2015 enka f bd 001 0 eng d | ||
| 020 | _a9781107645462 | ||
| 040 |
_aDLC _beng _erda _cDLC _dEG-ScBUE |
||
| 082 | 0 | 0 |
_222 _a418.02 _bCOL |
| 100 | 1 |
_aColina, Sonia, _eauthor. _940110 |
|
| 245 | 1 | 0 |
_aFundamentals of translation / _cSonia Colina. |
| 264 | 1 |
_aCambridge : _bCambridge University Press, _c2015. |
|
| 300 |
_axxv, 310 pages : _billustrations ; _c25 cm |
||
| 336 |
_2rdacontent _atext _btxt |
||
| 337 |
_2rdamedia _aunmediated _bn |
||
| 338 |
_2rdacarrier _avolume _bnc |
||
| 500 | _aIncludes glossary. | ||
| 504 | _aIncludes bibliographical references and index. | ||
| 520 | _a"This textbook provides a non- technical introduction to the basic and central concepts of translation theory and practice, including translation briefs, parallel texts and textual functions, cohesion and coherence, and old and new information"-- | ||
| 650 | 7 |
_aTranslating and interpreting. _2BUEsh _939247 |
|
| 651 | _2BUEsh | ||
| 653 |
_cMay2016 _bHHUUEENN |
||
| 655 |
_vReading book _934232 |
||
| 942 |
_2ddc _cBB |
||
| 999 |
_c21838 _d21810 |
||